000 00495nam a2200181Ia 4500
008 230718s9999 xx 000 0 und d
020 _a9789351071594
041 _aeng
082 _a620.001535
_bLIU
100 _aLiu G.R.
_9142985
245 _aFinite Element Method
_bA Practical Course
250 _a2nd ed.
260 _c2014
_bElsevier
300 _a433
365 _cRs.
_b465.00
700 _aLiu G.R. & Quek S.S.
_9188620
906 _dO:0519611-Jul-2016B:IN 29028-Jun-2016
_cMECH
_b93
999 _c342442
_d342442